000 00723nam a2200289Ia 4500
005 20260324141734.0
008 008 260324s9999 xx 000 0 eng d
020 _a9780203714287
037 _aEBOOK
040 _aCRL
040 _beng
040 _cCRL
041 _2eng
041 _aeng
084 _qCRL
100 _aNiels Hermes; Robert Lensink
_91209328
245 0 _aFinancial Development and Economic Growth
245 0 _bTheory and Experiences from Developing Countries
260 _bTaylor and Francis
260 _c1996
365 _a
365 _b230
856 _uhttp://www.taylorfrancis.com/books/9780203714287
942 _cEBOOK
999 _c1812725
_d1812725